| 000 | 01080nam a2200253Ia 4500 | ||
|---|---|---|---|
| 999 |
_c38659 _d38659 |
||
| 001 | 4885 | ||
| 003 | GE_BSU | ||
| 005 | 20190808133921.0 | ||
| 008 | 181216s2007||||ge |||||||||||||| ||geo|| | ||
| 020 | _a9789994031412 | ||
| 040 | _cGE_BSU | ||
| 041 | _ageo | ||
| 080 | _a811.124-8(075.8) გ-14 | ||
| 100 |
_aგაგუა, იამზე _91988 |
||
| 245 |
_aLingua Latina = ლათინური ენა / _cიამზე გაგუა, ეკატერინე გამყრელიძე ; რედ. რისმაგ გორდეზიანი |
||
| 250 | _aმე-2 შესწორებული გამოცემა | ||
| 264 |
_aთბილისი : _bლოგოსი ; _c2007. |
||
| 300 |
_a284 სმ. : _bილ. ; _c20 სმ. |
||
| 541 | _h9ლ. | ||
| 653 | _aლათინური ენა | ||
| 700 |
_aგამყრელიძე, ეკატერინე _eავტორი _93463 |
||
| 700 |
_aგორდეზიანი, რისმაგ _eრედაქტორი _93462 |
||
| 942 |
_cBK _2udc |
||